000 00781nam a2200241 i 4500
003 DO-SdBNP
005 20250701130549.0
007 ta
008 240325s2019 dr 000 j spa d
020 _a9789945913545
040 _aDO-SdBNP
_bspa
_cBNPHU
_erda
082 _bM665
_222
110 1 _aRepública Dominicana.
_bMinisterio de Educación Superior, Ciencia y Tecnología
_972559
245 1 0 _aPrograma de acción para la ejecución del plan de quinquenios evaluativos :
_b2019-2025 /
264 1 _aSanto Domingo :
_bMESCYT,
_c2019.
300 _a10 páginas,
_c21 cm.
336 _2rdacontent
_atexto
_btxt
337 _2rdamedia
_asin mediación
_bn
338 _2rdacarrier
_avolumen
_bnc
590 _aInventariado, 2024/ YL
910 _aYLockward
942 _2ddc
_cLF2
999 _c56188
_d56188